Estructura política del mundo del trabajo: fordismo y posfordismo

Na minha lista:
Detalhes bibliográficos
Autor principal: Letamendia, Francisco (Author)
Formato: Livro
Idioma:espanhol
Publicado em: Madrid Tecnos 2009
Assuntos:
Tags: Adicionar Tag
Sem tags, seja o primeiro a adicionar uma tag!

MARC

LEADER 00000nam a2200000 a 4500
001 UCH8602
003 CL-VaPUC
008 091203e20090000SP |||||||||||||||||spa|d
020 |a 9788430950027 
082 0 4 |a 344.01  |b LET  |2 21 
100 0 |a Letamendia, Francisco  |e author  |9 545248 
245 1 0 |a Estructura política del mundo del trabajo: fordismo y posfordismo 
300 |a 258 p 
942 |c BK 
945 |d 20091203 00:00:00  |a rbrito 
260 |a Madrid  |b Tecnos  |c 2009 
650 7 |a DERECHO LABORAL  |2 CL-VaPUC  |9 15 
650 0 |a Sindicatos  |9 255034 
650 0 |a Negociación colectiva  |9 312433 
650 0 |a Partidos políticos  |9 254999 
650 0 |a Cambio social   |9 256857 
650 0 |a Trabajadores  |9 260887 
583 |a last modification  |c 20170803 11:07:53  |k Rodrigo Vera 
999 |c 338813  |d 338811 
952 |0 0  |1 0  |4 0  |6 344_010000000000000_LET_2009  |7 0  |8 A  |9 431945  |a BIBDER  |b BIBDER  |d 2019-11-22  |i 4623053  |o 344.01 LET 2009  |p 4623053  |r 2023-01-25  |w 2019-11-22  |y BK  |k DER